000 00205 a2200097 4500
001 56093
100 _a
245 _aPsychology around the world
260 _aIslamabad
_bNnewnes
_c
090 _c34753
_d34753
942 _aNUST-CAE
_c
_c27506
999 _c291166
_d291166